CONCILIUM. SACRA SCRITTURA. N. X. ANNO VIII. 1972. RIVISTA INTERNAZIONALE DI TEOLOGIA. (Record n. 320072)
[ formato base ]
| 000 -LEADER | |
|---|---|
| fixed length control field | 01767nas a2200277Ia 4500 |
| 001 - CONTROL NUMBER | |
| control field | R220-R1997 |
| 003 - CONTROL NUMBER IDENTIFIER | |
| control field | IT-CnALBA |
| 008 - FIXED-LENGTH DATA ELEMENTS--GENERAL INFORMATION | |
| fixed length control field | 170116c99999999xx |||||||||||| ||und|| |
| 040 ## - CATALOGING SOURCE | |
| Original cataloging agency | IT-CnALBA |
| Transcribing agency | IT-CnALBA |
| 041 ## - LANGUAGE CODE | |
| Language code of text/sound track or separate title | ITALIANO |
| 999 ## - SYSTEM CONTROL NUMBERS (KOHA) | |
| Koha Dewey Subclass [OBSOLETE] | NO |
| 100 ## - MAIN ENTRY--PERSONAL NAME | |
| Personal name | LAURENTIN RENÈ |
| 210 ## - ABBREVIATED TITLE | |
| Abbreviated title | CONCILIUM |
| 222 ## - KEY TITLE | |
| Key title | CONCILIUM |
| 245 #0 - TITLE STATEMENT | |
| Title | CONCILIUM. SACRA SCRITTURA. N. X. ANNO VIII. 1972. RIVISTA INTERNAZIONALE DI TEOLOGIA. |
| 250 ## - EDITION STATEMENT | |
| Edition statement | 1a ed. |
| 260 ## - PUBLICATION, DISTRIBUTION, ETC. (IMPRINT) | |
| Place of publication, distribution, etc. | BRESCIA |
| Name of publisher, distributor, etc. | QUERINIANA EDIT. LIBR. VESC. |
| Date of publication, distribution, etc. | 1972 |
| 300 ## - PHYSICAL DESCRIPTION | |
| Extent | 205 p. |
| 310 ## - CURRENT PUBLICATION FREQUENCY | |
| Current publication frequency | MENSILE |
| 362 ## - DATES OF PUBLICATION AND/OR SEQUENTIAL DESIGNATION | |
| Dates of publication and/or sequential designation | Fascicolo: 10 / Anno: 8 (1972) |
| 500 ## - GENERAL NOTE | |
| General note | INDICE ANNATA 1972. MINISTERI NELLA CHIESA. CRISI ATTUALE DEI MINISTERI NEL NUOVO TESTAMENTO. POSSIBILITÀ DI UN DIVERSO ORDINAMENTO ECCLESIALE. MINISTERI ECCLESIALI E SACRO. DOTTRINA TRIDENTINA. PROCESSO DI DOGMATIZZAZIONE. MINISTERI ECCLESIASTICI ALLE DONNE. DISCUSSIONE SUI FONDAMENTI DEL MINISTERO SACERDOTALE NEL NUOVO TESTAMENTO. BOLLETTINO BIBLIOGRAFICO. MINISTERO NELLA CHIESA. SCHNIDER F. STENGER W. KEARNEY P. COLSON J. NEILL S. FRANSEN P. BROTHERS J. KERKHOF J. |
| 501 ## - WITH NOTE | |
| With note | Società San Paolo EM - Piazza San Paolo, 14 - 12051 ALBA (CN) (non commercial uses only) ® Copyright 2017 |
| 520 ## - SUMMARY, ETC. | |
| Summary, etc. | INDICE ANNATA 1972. MINISTERI NELLA CHIESA. CRISI ATTUALE DEI MINISTERI NEL NUOVO TESTAMENTO. POSSIBILITÀ DI UN DIVERSO ORDINAMENTO ECCLESIALE. MINISTERI ECCLESIALI E SACRO. DOTTRINA TRIDENTINA. PROCESSO DI DOGMATIZZAZIONE. MINISTERI ECCLESIASTICI ALLE DONNE. DISCUSSIONE SUI FONDAMENTI DEL MINISTERO SACERDOTALE NEL NUOVO TESTAMENTO. BOLLETTINO BIBLIOGRAFICO. MINISTERO NELLA CHIESA. SCHNIDER F. STENGER W. KEARNEY P. COLSON J. NEILL S. FRANSEN P. BROTHERS J. KERKHOF J. |
| 650 ## - SUBJECT ADDED ENTRY--TOPICAL TERM | |
| Topical term or geographic name as entry element | BIBBIA - TESTI E COMMENTI |
| 942 ## - ADDED ENTRY ELEMENTS (KOHA) | |
| Koha item type | RIVISTA |
| 957 ## - | |
| -- | 1 |
| 999 ## - SYSTEM CONTROL NUMBERS (KOHA) | |
| -- | 1 |
| Withdrawn status | Lost status | Damaged status | Not for loan | Home library | Current library | Date acquired | Total Checkouts | Full call number | Date last seen | Price effective from | Koha item type | Public note |
|---|---|---|---|---|---|---|---|---|---|---|---|---|
| Buone Condizioni | Not For Loan | ALBA - Biblioteca | ALBA - Biblioteca | 16/01/2017 | R220-R1997 | 16/01/2017 | 16/01/2017 | RIVISTA | (data import: 16 gennaio 2017) - By Epidotti, Vaglietti. |